|
|
|
|
| LEADER |
00000nam0a2200000 4500 |
| 001 |
353551 |
| 005 |
20231102010614.0 |
| 020 |
|
|
|a RU
|b 82-4331ж
|
| 035 |
|
|
|a (RuTPU)RU\TPU\retro\10808
|
| 035 |
|
|
|a RU\TPU\retro\10795
|
| 090 |
|
|
|a 353551
|
| 100 |
|
|
|a 20200518d1974 k a0rusy5003 ca
|
| 101 |
0 |
|
|a rus
|
| 102 |
|
|
|a RU
|
| 105 |
|
|
|a a z 001zy
|
| 200 |
1 |
|
|a Методы изучения тектоники нефтегазоносных мезозойских отложений Сибири
|f Сибирский научно-исследовательский институт геологии, геофизики и минерального сырья (СНИИГГиМС) ; под ред. К. И. Микуленко , В. С. Старосельцева
|
| 210 |
|
|
|a Москва
|c Недра
|d 1974
|
| 215 |
|
|
|a 203 с.
|c ил.
|
| 225 |
1 |
|
|a Труды Сибирского научно-исследовательского института геологии, геофизики и минерального сырья (СНИИГГиМС)
|v Вып. 180
|
| 320 |
|
|
|9 572
|a Библиогр.: с. 193-202
|
| 606 |
1 |
|
|a Мезозойские отложения
|2 stltpush
|3 (RuTPU)RU\TPU\subj\41968
|9 61731
|
| 610 |
1 |
|
|a Сибирь
|
| 610 |
1 |
|
|a тектоника
|
| 610 |
1 |
|
|a нефтегазоносные отложения
|
| 610 |
1 |
|
|a дислокации
|
| 610 |
1 |
|
|a выявление
|
| 610 |
1 |
|
|a изучение
|
| 610 |
1 |
|
|a нефтегазоносность
|
| 610 |
1 |
|
|a прогнозы
|
| 610 |
1 |
|
|a трещиноватость
|
| 675 |
|
|
|a 551.76
|z rus
|v 3
|
| 702 |
|
1 |
|a Микуленко
|b К. И.
|4 340
|
| 702 |
|
1 |
|a Старосельцев
|b В. С.
|4 340
|
| 712 |
0 |
2 |
|a Сибирский научно-исследовательский институт геологии, геофизики и минерального сырья (СНИИГГиМС)
|c (Новосибирск)
|2 stltpush
|3 (RuTPU)RU\TPU\col\322
|
| 801 |
|
0 |
|a RU
|b RuMRKP
|c 19950704
|g psbo
|
| 801 |
|
1 |
|a RU
|b 63413507
|c 20140113
|
| 801 |
|
2 |
|a RU
|b 63413507
|c 20200518
|g RCR
|
| 942 |
|
|
|c BK
|